| 000 | 00690nam a2200205 a 4500 | ||
|---|---|---|---|
| 001 | 000025418 | ||
| 005 | 20200930023756.0 | ||
| 008 | 100702s1979 xxuab r 000 |aspa d | ||
| 020 | _a0311036643 | ||
| 040 |
_aDO-SdBNP _bspa _cBNPHU |
||
| 041 |
_aspa _heng _2Código de idioma MARC |
||
| 082 |
_axxx _bK44f |
||
| 100 | 1 |
_aKeyes , Nelson Beecher _952022 |
|
| 240 | 0 |
_aStory of the bible world _lEspañol |
|
| 245 | 1 | 3 |
_aEl fascinante mundo de la biblia : _bcon mapas, texto e ilustraciones / _cNelson Beecher Keyes. |
| 260 |
_a[Estados Unidos ] : _bMundo Hispano, _c1979. |
||
| 300 |
_a216 p. ; _c26 cm. |
||
| 534 |
_aTítulo original en inglés : _tStory of the bible world |
||
| 049 | _aBNGR | ||
| 999 |
_c24910 _d24910 |
||